| 000 | 01473cab a2200217 4500 | ||
|---|---|---|---|
| 001 | ##L129429 | ||
| 008 | 050419n2005 000 0 eng u | ||
| 035 | _a(Sirsi) u129429 | ||
| 041 | 0 | _aeng | |
| 100 | 1 | _aHopkins, Phillip | |
| 245 | 0 | 4 | _aThe new housing safety rating system |
| 260 | _c2005 | ||
| 490 | 0 |
_aLetting Update Journal _v13(1) April 2005, 15-17(2) |
|
| 520 | _aThe first article in a series on the provisions of the Housing Act 2004, explores the new Health and Housing Safety Rating System (HHSRS) due to be implemented in Autumn 2005 and its likely effect on landlords and tenants. As part of the government decent homes strategy HHSRS is being introduced as a replacement for the current housing fitness regime, which was established by provisions in the Housing Act 1985 and the Local Government and Housing Act 1989. Looks in detail at HHSRS including the risk assessment system, enforcement framework and landlords' responsibilities. Concludes that the operation of the hazard assessment system is less than clear and that it will only be workable and fair if the requirements are intelligible to the average landlord. Sources of further information provided. | ||
| 590 | _aIKA290405 | ||
| 650 | 2 | 4 | _aHOUSING ACT 2004 PART I |
| 650 | 2 | 4 | _aDCLG DECENT HOMES STANDARD |
| 651 | 4 |
_aEngland _y886- |
|
| 690 | _aRESIDENTIAL PROPERTY-LEASEHOLD RESIDENTIAL PROPERTY-RESIDENTIAL LANDLORD AND TENANT-RESIDENTIAL LANDLORD AND TENANT REFORM | ||
| 942 | _n0 | ||
| 999 |
_c75105 _d75105 |
||